Ekonomisty, davajte pogovorim po-russki

Na minha lista:
Detalhes bibliográficos
Autor principal: Chabadová, Helena
Autor Corporativo: Ekonomická univerzita v Bratislave. Ústav jazykov
Formato: Livro
Idioma:russo
eslovaco
Publicado em: Bratislava Vydavateľstvo Ekonóm 1997
Edição:2. preprac. vyd.
Assuntos:
Tags: Adicionar Tag
Sem tags, seja o primeiro a adicionar uma tag!

MARC

LEADER 00000nam a2200000 4500
001 c020028
005 20221214070928.4
020 |a 80-225-0860-8 
041 0 |a rus 
041 0 |a slo 
044 |a SK 
245 1 0 |a Ekonomisty, davajte pogovorim po-russki  |c Helena Chabadová 
250 |a 2. preprac. vyd. 
264 1 |a Bratislava  |b Vydavateľstvo Ekonóm  |c 1997 
300 |a 118 s. 
610 2 0 |a ruština 
610 2 0 |a ekonómia 
610 2 0 |a terminológia 
610 2 0 |a jazykoveda 
100 1 |a Chabadová, Helena 
710 2 |a Ekonomická univerzita v Bratislave. Ústav jazykov